000 01125nam a2200301Ia 4500
001 ebr10194226
003 CaPaEBR
006 m u
007 cr cn|||||||||
008 030910s2004 enk s 000 0 eng d
020 _z9780199228072
020 _z0199267537
040 _aCaPaEBR
_cCaPaEBR
035 _a(OCoLC)241070691
050 1 4 _aQA8.4
_b.C452 2004eb
082 0 4 _a511.201
_221
100 1 _aChihara, Charles S.,
_d1932-
245 1 2 _aA structural account of mathematics
_h[electronic resource] /
_cCharles S. Chihara.
260 _aOxford ;
_aNew York :
_bOxford University Press,
_c2004.
300 _axiv, 380 p.
533 _aElectronic reproduction.
_bPalo Alto, Calif. :
_cebrary,
_d2009.
_nAvailable via World Wide Web.
_nAccess may be limited to ebrary affiliated libraries.
650 0 _aMathematics
_xPhilosophy.
650 0 _aStructuralism.
650 0 _aConstructive mathematics.
655 7 _aElectronic books.
_2local
710 2 _aebrary, Inc.
856 4 0 _uhttp://site.ebrary.com/lib/rucke/Doc?id=10194226
_zAn electronic book accessible through the World Wide Web; click to view
999 _c221413
_d221413